000 00331nam a22001337a 4500
008 171023b xxu||||| |||| 00| 0 eng d
020 _a0256223589
041 _aeng
080 _24TH
_a338
100 _a54
101 _aMEN
245 _aCORPORATE INFORMATION SYSTEMS MANAGEMENT: TEXT AND CASES
_cAPPLEGATE,L.M
942 _2udc
_cBK
999 _c35364
_d35364